| 000 | 00479nam a2200169Ia 4500 | ||
|---|---|---|---|
| 999 |
_c26394 _d26394 |
||
| 003 | OSt | ||
| 005 | 20211119114301.0 | ||
| 008 | 190216s9999||||xx |||||||||||||| ||und|| | ||
| 040 | _coclc | ||
| 082 |
_a894.8128 _bHAR/A |
||
| 100 |
_aHarikumar, M K _97791 |
||
| 245 | 0 |
_aAthmaayanangalude Khasak / _cM K Harikumar |
|
| 260 |
_bNational Book Stall, _aKottayam: |
||
| 300 | _a101p | ||
| 650 | _aPadanam | ||
| 942 |
_cBK _2ddc _h894.8128 _iHAR/A _k894.8128 _mHAR/A |
||